000
00268nam a2200097Ia 4500
082
_a
J 507.8 ROBI
245
0
_a
Science magic in the bedroom
100
_a
ROBINSON, Richard Oxford, 2003
_9
96467
942
_c
BK
008
210817s9999 xx 000 0 und d
999
_c
405355
_d
405354